| 000 | 00944nam a2200253 a 4500 | ||
|---|---|---|---|
| 001 | 24438 | ||
| 003 | CO-ViMGA | ||
| 008 | 141112s2004 ck r 000 u spa d | ||
| 020 | _a9789588294223 | ||
| 040 |
_aCO-ViMGA _bspa _cCO-ViMGA |
||
| 041 | _aSPA | ||
| 082 | 0 | 4 | _a918.61 V17l |
| 100 | 1 |
_aVasco, Irene, 1952 - _91899 |
|
| 245 | 1 | 0 |
_aLugares fantásticos de Colombia : _bguía de viaje / _cIrene Vasco ; ilustrado por Olga Cuéllar ; mapas de Antonia Bustamante, María Osorio |
| 250 | _a1a ed., 2a reimpr. | ||
| 260 |
_aBogotá : _bEdiciones B, _c2009 |
||
| 300 | _a113 p. : il. col. : il. | ||
| 490 | _aIguana | ||
| 650 | 1 | 4 |
_aMITOLOGIA COLOMBIANA _914993 |
| 650 | 1 | 4 |
_aTURISMO - COLOMBIA - GUIAS _936124 |
| 651 |
_aCOLOMBIA - DESCRIPCIONES Y VIAJES - GUIAS \ REGIONES DE COLOMBIA - CULTURA \ COLOMBIA - DESCRIPCIONES Y VIAJES \ COLOMBIA - ASPECTOS TURISTICOS _936125 |
||
| 700 | 1 |
_aCuéllar Serrano, Olga _936126 |
|
| 942 |
_2ddc _cBK |
||
| 999 |
_c5456 _d5456 |
||